Η ιστορία της ελληνικής πόλης
Αποθηκεύτηκε σε:
| Άλλοι συγγραφείς: | |
|---|---|
| Μορφή: | Βιβλίο |
| Γλώσσα: | Greek |
| Δημοσίευση: |
Αθήνα :
Ερμής - "Αρχαιολογία & Τέχνες",
2004
|
| Θέματα: | |
| Ετικέτες: |
Προσθήκη ετικέτας
Δεν υπάρχουν, Καταχωρήστε ετικέτα πρώτοι!
|
MARC
| LEADER | 00000cam a2200000 i 4500 | ||
|---|---|---|---|
| 001 | 1/73159 | ||
| 008 | 080201s2004 gr | ||| |||| ||gre|| | ||
| 020 | |a 9603201693 | ||
| 035 | |l 10094330 | ||
| 040 | |a GR-MY-UA |b gre |e aacr | ||
| 041 | 0 | |a gre | |
| 082 | 0 | |a 307.7609495 |2 (22) | |
| 245 | 1 | 2 | |a Η ιστορία της ελληνικής πόλης / |c επιμέλεια Αλέξανδρος-Φ. Λαγόπουλος |
| 260 | |a Αθήνα : |b Ερμής - "Αρχαιολογία & Τέχνες", |c 2004 | ||
| 300 | |a 430 σ.; |c 27x30 εκ. | ||
| 650 | 0 | 0 | |a Cities and towns |z Greece |x History. |
| 650 | 0 | 0 | |a Cities and towns, Ancient |z Greece. |
| 700 | 1 | |a Λαγόπουλος, Αλέξανδρος-Φαίδων, |d 1939- |4 edt | |
| 852 | |a INST |b RHODES |e 20080201 |h 307.7609495 ΙΣΤ |p 005400030160 |q 005400030160 |t BK |y 0 | ||
| 901 | |a BIBL4-2008-1 | ||
| 909 | |a Ρ |b 144408 | ||
| 922 | |a 4ΕΛΗ |b 200801 |c ΕΠΕΑΕΚ2/ΤΜΣ |d Σ. ΠΑΤΑΚΗΣ | ||
| 970 | |a ΚΟΖΑ |b ΜΑΡΙΑ |z 2008/02/01 | ||